01403 a2200181 45000010006000000050017000060080041000230030015000640400040000790800073001192450044001922500012002362640055002483000019003035050867003220410008011891000024011975410820260407155811.0260407a1966 arg spa dAR-UNSa-BCEJYS aAR-UNSa-BCEJYSbspacAR-UNSa-BCEJYS a510xConsideraciones fundamentales y generales de las matemáticas 10aFormación matemática del economista a2a. ed. 1aBuenos Aires :bFondo de Cultura Económicac1966 a562 p.c21 cm. a1. Recordando conceptos de Aritmética - 2. Recordando operaciones de Álgebra - 3. Nociones de Trigonometría - 4. Combinatoria,progresiones,logaritmos y aplicaciones financieras - 5. Funciones en Economía - 6. Álgebra y geometría lineal bidimensional - 7. Ecuaciones de segundo grado,cónicas y otras funciones útiles en Economía - 8. Límites,continuidad - 9. Derivación - 10. Integral indefinida - 11. Integral definida - 12. Series - 13. Fórmula de Taylor-Mac Laurin.Estudio de una curva plana - 14. Serie de Fourier y polinomios ortogonales - 15. Álgebra y geometría tridimensional - 16. Cálculo diferencial de funciones de dos variables - 17. Integrales múltiples - 18. Álgebra lineal - 19. Formas cuadráticas y extremos de funciones de n variables - 20. Ecuaciones diferenciales - 21. Operadores y ecuaciones en diferencias aspa1 aToranzos, Fausto I.